Clubs de Serie A (2023-2024) - Statistiques

Statistiques générales
  • Ce quiz a été pris 149 fois
  • Le résultat moyen est 14 sur 20
Statistiques - réponses
Serie A % Correct
AC Milan
99%
Inter Milan
99%
Juventus Turin
99%
AS Rome
96%
Naples
92%
Lazio
84%
Fiorentina
80%
Atalanta Bergame
78%
Torino
76%
Bologne
66%
Hellas Verone
66%
Udinese Calcio
62%
US Sassuolo
60%
Genoa CFC
58%
Cagliari Calcio
54%
US Lecce
49%
AC Monza
46%
US Salernitana
45%
Empoli
38%
Frosinone
35%
Aucun quiz correspondant
Distribution des résultats
% des personnes avec chaque résultat
Percentile par nombre de réponses
Votre historique - résultats
Vous n’avez pas pris ce quiz